00684nam a2200217Ia 4500003000900000008004100009020001800050040001600068080001600084100002200100245006900122260004900191300001000240650001900250650003200269650002300301700002800324942000700352999001500359952009200374IN-BaIIA211028s9999 xx 000 0 eng d a0-913990-45-0 cIIA Library a621.19bLON aLong, Mark914057 4aThe world of satellite televisioncMark Long and Jeffrey Keating aTennesseebThe Book Publishing Companyc1983 a224p. aNASA Thesaurus aSatellite television914058 aSpace probes96909 aKeating, Jeffrey914059 cBK c8385d8385 00104070aBANbBANcGENd1985-08-06l0o621.19/ LONp9235r2021-11-05w1985-08-06yBK